Reencantando el juego se aprende /

Bibliographic Details
Main Authors: Sánchez, Héctor Alejandro (Author), Godoy Bonilla, Sandra Patricia (Author), Rodríguez Méndez, Elena (Author)
Format: Electronic eBook
Language:Spanish
Published: Popayán, Colombia : Editorial Universidad del Cauca, 2022.
Edition:Primera edición en español.
Subjects:
Online Access:Digitalia Hispánica

MARC

LEADER 00000nam a2200000 i 4500
001 DIGUCAUCA0150
003 NyNyDIG
006 m o d
007 cr |||||||||||
008 231008s2022 ck a ob 001 0 spa d
035 |a (OCoLC)1394135640 
040 |a DGITA  |b eng  |e rda  |e pn  |c DGITA 
020 |a 9789587325768  |q digital 
020 |z 9789587325751  |q impreso 
050 1 4 |a LB1060 ebook 
100 1 |a Sánchez, Héctor Alejandro,  |e author.  
245 1 0 |a Reencantando el juego se aprende /  |c Héctor Alejandro Sánchez, Sandra Patricia Godoy Bonilla, Elena Rodríguez Méndez. 
250 |a Primera edición en español. 
264 1 |a Popayán, Colombia :  |b Editorial Universidad del Cauca,  |c 2022. 
300 |a 1 online resource :  |b illustrations. 
336 |a text  |b txt  |2 rdacontent 
337 |a computer file  |b c  |2 rdamedia 
338 |a online resource  |b cr  |2 rdacarrier 
347 |a text file  |2 rdaft 
347 |b PDF 
504 |a Includes bibliographical references and Index. 
588 0 |a Online resource; title from PDF title page (Digitalia, viewed October 8, 2023) 
650 0 |a Learning, Psychology of. 
650 0 |a Teaching  |x Psychological aspects. 
650 0 |a Attention. 
700 1 |a Godoy Bonilla, Sandra Patricia,  |e author. 
700 1 |a Rodríguez Méndez, Elena,  |e author. 
776 0 8 |i Print version:  |a Sánchez, Héctor Alejandro.  |t Reencantando el juego se aprende.  |b Primera edición en español.  |d Popayán, Colombia : Editorial Universidad del Cauca, 2022  |z 9789587325751 
791 2 |a Digitalia (Firm),  |e distributor. 
793 0 |g Digitalia eBook Collection:  |a Universidad del Cauca 
856 4 0 |3 Digitalia Hispánica  |u https://www.digitaliapublishing.com/a/129865/ 
910 |a Premium collection: 2023